International Business Management Readings and Cases

Uložené v:
Podrobná bibliografia
Hlavný autor: Ewing, John S.
Ďalší autori: Meissner, Frank
Médium: Kniha
Jazyk:English
Vydavateľské údaje: Belmont Wadsworth Pub. Co. 1964
Vydanie:1. ed.
Tagy: Pridať tag
Žiadne tagy, Buďte prvý, kto otaguje tento záznam!

MARC

LEADER 00000nam a2200000 4500
001 c034184
005 20221220101942.9
041 0 |a eng 
044 |a US 
245 1 0 |a International Business Management  |b Readings and Cases  |c John S. Ewing, Frank Meissner 
250 |a 1. ed. 
264 1 |a Belmont  |b Wadsworth Pub. Co.  |c 1964 
300 |a 560 s. 
100 1 |a Ewing, John S. 
700 1 |a Meissner, Frank